Loading...
| Fine Arts - Classical Music | 0 | 7 | 0 | 0 | 70 | 43 | 76.29 | 4 | 7 | 0.00 | 0.00 |
| Literature - World | 0 | 6 | 1 | 1 | 55 | 63 | 87.17 | 2 | 6 | 0.00 | 0.00 |
| Literature - British | 0 | 5 | 1 | 0 | 45 | 47 | 69.20 | 5 | 5 | 0.00 | 0.00 |
| Literature - American | 0 | 5 | 1 | 1 | 45 | 29 | 75.80 | 2 | 5 | 0.00 | 0.00 |
| Literature - European | 0 | 4 | 0 | 0 | 40 | 37 | 61.00 | 2 | 4 | 0.00 | 0.00 |
| Fine Arts - Other | 0 | 4 | 1 | 1 | 35 | 57 | 86.50 | 3 | 4 | 0.00 | 0.00 |
| History - Other | 0 | 2 | 0 | 0 | 20 | 56 | 67.00 | 0 | 2 | 0.00 | 0.00 |
| Social Science | 0 | 2 | 0 | 0 | 20 | 63 | 67.50 | 2 | 2 | 0.00 | 0.00 |
| Mythology | 0 | 2 | 0 | 0 | 20 | 67 | 76.50 | 0 | 2 | 0.00 | 0.00 |
| History - World | 0 | 1 | 0 | 1 | 10 | 136 | 136.00 | 1 | 1 | 0.00 | 0.00 |
| Religion | 0 | 1 | 0 | 0 | 10 | 108 | 108.00 | 0 | 1 | 0.00 | 0.00 |
| Science - Biology | 0 | 1 | 0 | 0 | 10 | 93 | 93.00 | 0 | 1 | 0.00 | 0.00 |
| Fine Arts - Painting and Sculpture | 0 | 1 | 1 | 0 | 5 | 77 | 77.00 | 0 | 1 | 0.00 | 0.00 |
| Science - Other | 0 | 0 | 1 | 0 | -5 | 0.00 | 0 | 0 | 0.00 | 0.00 | |
| History - European | 0 | 0 | 2 | 0 | -10 | 0.00 | 0 | 0 | 0.00 | 0.00 |